00652nam a2200193Ia 450000500170000000800410001702000150005808200130007324501070008626000590019330000190025265000110027165000170028265000140029970000290031394200060034295200950034899900150044320240604013824.0240331s9999 xx 000 0 und d a9555800545 bGENa341 0aGendering humanitarianismbAn Annotated Bibliography on Gender and Capacity Building in Armed Conflict aColombobInternational Centre for Ethnic Studiesc2000 axvii, 198 p ., aGender aHuman Rights aPolitical aLoganathan, Bhawanieedt cL 001040708LaWERCLbWERCLcSSCd2024-03-31l0o 341 GENp6561r2024-03-31w2024-03-31yL c4960d4960